00414nam a2200145Ia 4500003000400000005001700004008004100021040000900062082001900071100002700090245002800117260004700145630001800192650005800210OSt20230713192931.0211109s9999||||xx |||||||||||||| ||und|| cSBCL a891.431bTIW-N aTiwari, Santhosh Kumar 0aNaya Kavi: Ek Adhyayana bBharathya Gathya NikathanaNew Delhic1991 xgeneral stack aLiterature & rhetoricvHINDI LITERATUREvHINDI POETRY